| 000 | 01431nab a22002777a 4500 | ||
|---|---|---|---|
| 999 |
_c5725 _d5725 |
||
| 003 | OSt | ||
| 005 | 20251231174950.0 | ||
| 008 | 190605e xxu||||| |||| 00| 0 spa d | ||
| 040 | _cPJ | ||
| 100 |
_95129 _aSfeir, Santiago L. |
||
| 245 | 1 | 3 |
_aEl régimen de contratación de los médicos residentes. ¿Formación académica o encubrimiento de una relación laboral? / _cSantiago L. Sfeir. |
| 260 |
_aCiudad Autónoma de Buenos Aires : _bThomson Reuters La Ley, _c2023. |
||
| 300 | _ap. 56 | ||
| 500 | _aCita: TR LALEY AR/DOC/943/2023. | ||
| 505 | _aSumario: I. Introducción.— II. El régimen de contratación previsto por la ley de residencias médicas.— III. Sesgos de laboralidad en las residencias médicas.— IV. Los pronunciamientos de la CNAT respecto de la temática.— V. Disquisiciones finales. La inconstitucionalidad de la ley de residencias médicas. | ||
| 505 | _t¿Te interesa el texto completo? Solicitalo al correo: koha@justierradelfuego.gov.ar | ||
| 650 | 0 |
_91316 _aDERECHO LABORAL |
|
| 650 | 0 |
_91323 _aCONTRATO DE TRABAJO |
|
| 650 | 0 |
_91803 _aRELACIONES LABORALES |
|
| 650 | 0 |
_94514 _aSALUD PUBLICA |
|
| 650 | 0 |
_91318 _aREMUNERACION |
|
| 650 | 0 |
_94184 _aOBLIGACIONES DEL EMPLEADOR |
|
| 650 | 0 |
_91570 _aDERECHOS DEL TRABAJADOR |
|
| 773 | 0 |
_02711 _93168 _dCiudad Autónoma de Buenos Aires : Thomson Reuters La Ley, 1999-2002. _tRevista de derecho del trabajo. Nº 3 - Mayo 2023 |
|
| 942 |
_2udc _cANA |
||